Statistics for Disney Song Quiz #1

Click here to take the quiz!

General Stats

  • This quiz has been taken 1,661 times
  • The average score is 12 of 20

Answer Stats

HintAnswer% Correct
The snow glows white on the mountain tonight, not a footprint to be seen, a kingdom of isolation and it looks like i'm the queen.Let It Go
98%
It means no worries, for the rest of your days, it's our problem free, Philosophy.Hakuna Matata
93%
Put our service to the test Tie your napkin 'round your neck, cherie And we'll provide the rest.Be Our Guest
89%
Darling it's better Down where it's wetter Take it from me.Under The Sea
87%
I can show you the world Shining, shimmering, splendid Tell me, princess, now when did You last let your heart decide?A Whole New World
85%
Sha-la-la-la-la-la Ain’t that sad Ain’t it shame, too bad You gonna miss the girl.Kiss The Girl
81%
Let's get down to business, to defeat the huns.I'll Make A Man Out Of You
77%
No one's slick as ______ No one's quick as ______ No one's neck's as incredibly thick as ______'s!Gaston
73%
Make way! Here he comes! Ring bells! Bang the drums! Ah! You're gonna love this guy!Prince Ali
68%
Now I see That if I were truly to be myself I would break my family's heart.Reflection
59%
If there's a prize for rotten judgement I guess I've already won that No man is worth the aggravation That's ancient history, been there, done that!I Won't Say I'm In Love
51%
Go ahead! Make your choice! I'm a very busy woman and I haven't got all day It won't cost much Just your voice!Poor Unfortunate Souls
51%
So many things to tell her But how to make her see The truth about my past? Impossible! She'd turn away from me.Can You Feel The Love Tonight
50%
Nants ingonyama bagithi Baba, Sithi uhm ingonyama.The Circle Of Life
48%
Come with us and you will see This, our town of Halloween.This is Halloween
47%
Gotta eat to live, gotta steal to eat Otherwise we'd get along.One Jump Ahead
42%
I know that your powers of retention Are as wet as a warthog's backside But thick as you are, pay attention My words are a matter of pride.Be Prepared
38%
I don't know when I don't know how But I know something's starting right now.Part Of Your World
37%
I can read your future, I can change it round some too, I can look deep into your heart and soul, make your wildest dreams come true.Friends On The Other Side
26%
I feel her, I see her The sun caught in raven hair Is blazing in me out of all control.Hellfire
25%

Score Distribution

Percentile by Number Answered

Percent of People with Each Score

Your Score History

You have not taken this quiz